Natural justice judicial review and administrative law with special reference to law of income tax (Record no. 111828)

MARC details
000 -LEADER
fixed length control field 00423nam a2200145Ia 4500
008 - FIXED-LENGTH DATA ELEMENTS--GENERAL INFORMATION
fixed length control field 230917s9999||||xx |||||||||||||| ||und||
040 ## - CATALOGING SOURCE
-- 127538
Original cataloging agency VIVEKANANDA LIBRARY
041 ## - Language
-- English
082 ## - DDC NUMBER
Classification number 342 T199M:N
100 ## - MAIN ENTRY--PERSONAL NAME
Personal name Taxman
245 #0 - TITLE STATEMENT
Title Natural justice judicial review and administrative law with special reference to law of income tax
260 ## - PUBLICATION, DISTRIBUTION, ETC. (IMPRINT)
Place of publication, distribution, etc Delhi
Name of publisher, distributor, etc Taxman Allied Services
Date of publication, distribution, etc 1999
300 ## - PHYSICAL DESCRIPTION
Pages 433 p.
942 ## - ADDED ENTRY ELEMENTS (KOHA)
Koha item type Books
Holdings
Withdrawn status Lost status Damaged status Not for loan Location (home branch) Sublocation or collection (holding branch) Date acquired Koha issues (times borrowed) Koha full call number Accession No. Koha date last seen Koha item type
        VIVEKANANDA LIBRARY VIVEKANANDA LIBRARY 23/01/2010   342 T199M:N 200062 17/09/2023 Books
© Designed and Maintained by Vivekananda Library, MDU Rohtak